Exploring space / (Record no. 9935)
[ view plain ]
| 000 -LEADER | |
|---|---|
| fixed length control field | 00799nam a22002772 4500 |
| 001 - CONTROL NUMBER | |
| JCCL Control Number | 9935 |
| 003 - CONTROL NUMBER IDENTIFIER | |
| JCCL marc code | BD - JhCC |
| 005 - DATE AND TIME OF LATEST TRANSACTION | |
| control field | 20180403134141.0 |
| 008 - FIXED-LENGTH DATA ELEMENTS--GENERAL INFORMATION | |
| fixed length control field | 180403s1972 enkacd 001 0 eng d |
| 020 ## - INTERNATIONAL STANDARD BOOK NUMBER | |
| International Standard Book Number | 035603982X |
| 035 ## - SYSTEM CONTROL NUMBER | |
| system control number | OCLC ocm16252093 from D970826M |
| -- | (BD - JhCC)9935 |
| 040 ## - CATALOGING SOURCE | |
| Original cataloging agency | UKM |
| Transcribing agency | UKM |
| Modifying agency | EQO |
| -- | BD - JhCC |
| 041 ## - LANGUAGE CODE | |
| Language code of Book | eng |
| 050 1# - LIBRARY OF CONGRESS CALL NUMBER | |
| Classification number | TL793 |
| 082 0# - DEWEY DECIMAL CLASSIFICATION NUMBER | |
| Classification number | 629.4 |
| DDC Edition number | 18 |
| Author mark and Year | GAT 1972 |
| 100 1# - MAIN ENTRY--PERSONAL NAME | |
| Personal name | Gatland, Kenneth William, |
| Dates associated with a name | 1924- |
| 245 10 - TITLE STATEMENT | |
| Title | Exploring space / |
| Statement of responsibility, etc | Kenneth W. Gatland. |
| 260 ## - PUBLICATION, DISTRIBUTION, ETC. (IMPRINT) | |
| Place of publication, distribution, etc | London : |
| Name of publisher, distributor, etc | Macdonald and Co., |
| Date of publication, distribution, etc | 1972. |
| 300 ## - PHYSICAL DESCRIPTION | |
| Pagination | 48 p. : |
| Other physical details | ill. (some col.), charts, ports. ; |
| Dimensions | 29 cm. |
| 490 1# - SERIES STATEMENT | |
| Series statement | [Visual books] |
| 500 ## - GENERAL NOTE | |
| General note | Includes index. |
| 650 #0 - SUBJECT ADDED ENTRY--TOPICAL TERM | |
| Topical term or geographic name as entry element | Astronautics |
| General subdivision | Juvenile literature. |
| 830 #0 - SERIES ADDED ENTRY--UNIFORM TITLE | |
| Uniform title | Visual books. |
| 942 ## - ADDED ENTRY ELEMENTS (KOHA) | |
| Source of classification or shelving scheme | Dewey Decimal Classification |
| Koha item type | Reference |
| Source of classification or shelving scheme | Damaged status | Not for loan | Home library | Current library | Shelving location | Date of accession | Total Checkouts | Full call number | Barcode | Date last seen | Copy number | Koha item type |
|---|---|---|---|---|---|---|---|---|---|---|---|---|
| Dewey Decimal Classification | JCC Rouf Library | JCC Rouf Library | General Stacks | 04/03/2018 | 629.4 GAT 1972 | 13397 | 04/03/2018 | C-1 | Reference |